Hinduon Ke Teuhar (Record no. 11126)

MARC details
000 -LEADER
fixed length control field 00624nam a2200241 a 4500
020 ## - INTERNATIONAL STANDARD BOOK NUMBER
ISBN
082 00 - DEWEY DECIMAL CLASSIFICATION NUMBER
Classification number 294.5436
Author Cutter ABR
100 ## - MAIN ENTRY--AUTHOR NAME
Author name Abr, Lala Bal Kishan Batr
245 ## - TITLE STATEMENT
Title Hinduon Ke Teuhar
Sub title Festivals of Hindus
260 ## - PUBLICATION, DISTRIBUTION, ETC. (IMPRINT)
Place of publication Patna
Name of publisher Khuda Bakhsh Oriental Pub. Library
Year of publication 1993
300 ## - PHYSICAL DESCRIPTION
Number of Pages 102p
500 ## - GENERAL NOTE
General note includes index and biblioraphy
505 2# - FORMATTED CONTENTS NOTE
Formatted contents note Index
650 ## - SUBJECT ADDED ENTRY--TOPICAL TERM
Topical Term Festivals-Hindu
942 ## - ADDED ENTRY ELEMENTS (KOHA)
Koha item type Books
700 1# -
-- Abr, Lala Bal Kishan Batr
Holdings
Collection code Home library Current library Date acquired Cost, normal purchase price Full call number Accession Number Koha item type
  Henry Martyn Institute Library Henry Martyn Institute Library 07/24/2007 40.00 294.5436 ABR 017219 Books
                   Copyright © 2026 | Henry Martyn Institute | Hyderabad | TS-500052 | INDIA | Implemented by hmi.edu.in
Hit-Count:

Powered by Koha